Регионална библиотека "Любен Каравелов" - Русе

Борис Годунов (Запис номер 297665)

MARC детайли
000 -Лидер
Контролно поле с фиксирана дължина 02539ncm a2200385 c 4500
003 - Код на организацията, давaща контролен номер
Контролно поле BLK
005 - Дата и час на последна редакция
Контролно поле 20241004155836.0
008 - Елементи от данни с фиксирана дължина
fixed length control field 180414b bul |a|er|||| |0| c|bulo|
010 ## - Наследен системен номер
LC control number NOT00000699000
040 ## - Източник на каталожния запис
Идентификатор на билиотеката - собственик на записа BLK
041 ## - Код за език
Код за езика на текст/звукозапис или на отделно заглавие Руски
Код за езика КДБФ Руски
080 ## - УДК
Текстов определител УДК Опера. Музикална драма. Романтична опера. Опера-приказка
УДК код - определител по УДК 782.1
УДК - код + определител 782.1
100 1# - Редна дума - Автор
Автор Мусоргски, Модест Петрович
Дати, свързани с автора 1839 - 1881
Авторска отговорност първи автор
R(LIN) 222175
139 ## - Редно поле
Редна дума Мусоргски, Модест
Авторски знак Му - М 95
245 10 - Сведения за заглавието
Заглавие Борис Годунов
Подзаглавни данни Т. 1 - 2 : Опера в четырех д. десяти к.
Редно поле (дума) Модест Мусоргски; либрето Модест Мусоргски; по Александър Сергеевич Пушкин; по Николай Карамзин; оркестрация Дмитрий Дмитриевич Шостакович.
Том Т. 1.
Заглавие на том І - ІІІ д. 1 - 5 к.
254 ## - Сведения за формата на нотното издание
Формат на описваните ноти Партитура
257 ## - Страна на издаване
Страна на създаване/издаване Русия
260 ## - Област на издателските данни
Място на издаване, разпространение и проч. Москва
Име на издателя, разпространителя и проч. Сов. композитор 2738
Година на издаване 1963
300 ## - Физическа характеристика
Размери/Мащаб 29 см
380 ## - Жанр
Жанр Изкуство
500 ## - Общи забележки
Забележка Забележка към том: Съд. примери на изменените от Шостакович словесен и муз. текст. Уводна статия и бел. от ред. в които по действия и карт. проследява клавира и партитурата.
650 #4 - Допълнително описание по предмет – тема
Основно описание – тема или топоним Опера
9 (RLIN) 165008
653 ## - Ключова дума – ненормативна
Ключова дума Опера
700 1# - Други автори (авторска отговорност)
Лично име Мусоргски, Модест Петрович
Дати, свързани с автора 1839 - 1881
Автороска отговорност (Описва отношението между автора и произведението) либрето
9 (RLIN) 222175
700 ## - Други автори (авторска отговорност)
Лично име Пушкин, Александър Сергеевич
Дати, свързани с автора 1799-1837
9 (RLIN) 364559
700 1# - Други автори (авторска отговорност)
Лично име Карамзин, Николай
Автороска отговорност (Описва отношението между автора и произведението) по
9 (RLIN) 361733
700 1# - Други автори (авторска отговорност)
Лично име Шостакович, Дмитрий Дмитриевич
Дати, свързани с автора 1906 - 1975
Друга информация Руски композитор и пианист
Автороска отговорност (Описва отношението между автора и произведението) оркестрация
9 (RLIN) 144053
760 1# - Описание на основната серия
Редна дума на основното описание Мусоргски, Модест
Поясняваща информация 547 с.
Страници - том 547 с.
Забележка - том Съд. примери на изменените от Шостакович словесен и муз. текст. Уводна статия и бел. от ред. в които по действия и карт. проследява клавира и партитурата.
Заглавие Т. 1. І - ІІІ д. 1 - 5 к.
852 ## - Местоположение
Форматна сигнатура Цб М ІІ 2986
Част 0
856 4# - Електронен адрес и достъп
Електронен формат pdf - файл
Път до файла /url/
Инструкция (цена за достъп) 0.00
Права за достъп disable
856 4# - Електронен адрес и достъп
Електронен формат pdf - файл
Път до файла /url/
Инструкция (цена за достъп) 0.00
Права за достъп disable
999 ## - СИСТЕМНИ КОНТРОЛНИ НОМЕРА
Koha biblionumber 297665
Koha biblioitemnumber 297665
942 ## - АРТИКУЛИ
Вид на библиотечния материал Нотни издания
Скрит в OPAC Не
Периодичен библиозапис Да
944 ## - СЪЗДАВАНЕ И РЕДАКЦИЯ на ЗАПИСА
Създаване/Редакция Създаване
Дата на регистрацията/редакция 26.08.2004
Служител, извършил регистрацията/редакцията 30560
Статус, дата на статуса Геновева Генчева
944 ## - СЪЗДАВАНЕ И РЕДАКЦИЯ на ЗАПИСА
Създаване/Редакция Редакция
Дата на регистрацията/редакция 01.11.2010
Наличности
Код за отписване Код за изгубен артикул Източник на класификационната схема Код за повреда Коз за рестрикции Код за отдаване Артикулен № Име на библиотеката - собственик Име на библиотеката, в която се намира в момента Статус (Текущо местоположение) Дата на вписване в системата Местоположение - отдел Цена в лева Инвентарен номер Систематично азбучна сигнатура Баркод Номер на екземпляра Цена в евро Служебна бележка Служебен тип на артикула
  Не е изгубен Universal Decimal Classification Не е повреден само за читалня ползва се в читалня 648602 Регионална библиотека "Любен Каравелов" Русе Регионална библиотека "Любен Каравелов" Русе Основен фонд - ползва се само за читалня 1963-01-01 Основен фонд - ползва се само за читалня 7.09 16945/64 Цб М II 2986 900000104602 1 3.63 N: стар фонд Дата: 01.01.1963 Нотни издания
Vip Innovations Ltd, Rousse, Bulgaria 2025